Between the fields and the city : women, work, and family in Russia, 1861-1914
Αποθηκεύτηκε σε:
| Κύριος συγγραφέας: | |
|---|---|
| Μορφή: | Βιβλίο |
| Γλώσσα: | English |
| Δημοσίευση: |
Cambridge :
Cambridge University Press,
1996
|
| Θέματα: | |
| Ετικέτες: |
Προσθήκη ετικέτας
Δεν υπάρχουν, Καταχωρήστε ετικέτα πρώτοι!
|
MARC
| LEADER | 00000nam a2200000 i 4500 | ||
|---|---|---|---|
| 001 | 1/70049 | ||
| 008 | 080111s1996 eng d | ||
| 020 | |a 0-521-56621-5 | ||
| 035 | |l 10093577 | ||
| 040 | |a GR-MY-UA |b gre |e aacr | ||
| 041 | 0 | |a eng | |
| 082 | 0 | |a 305.40947 |2 (22) | |
| 100 | 1 | |a Engel, Barbara Alpern. | |
| 245 | 1 | 0 | |a Between the fields and the city : |b women, work, and family in Russia, 1861-1914 / |c Barbara Alpern Engel |
| 260 | |a Cambridge : |b Cambridge University Press, |c 1996 | ||
| 300 | |a xi, 254 σ.; |b εικ., πίν.; |c 23 εκ. | ||
| 504 | |a Ευρετήριο: σ. 248-254 | ||
| 650 | 0 | 0 | |a Women |z Russia |x History. |
| 650 | 0 | 0 | |a Women |x Employment |z Russia |x History. |
| 650 | 0 | 0 | |a Women |z Russia |x Social conditions. |
| 651 | 0 | |a Russia |x Social conditions. | |
| 852 | |a INST |b LESVOS |e 20080111 |h 305.40947 ENG |p 005100040857 |q 005100040857 |t BK |y 0 | ||
| 901 | |a BIBL1-2008-1 | ||
| 909 | |a Λ |b 142784 | ||
| 922 | |a 1ΕΛΗ |b 200712 |c ΕΠΕΑΕΚ2/ΤΚΑ |d ΕΛΕΥΘΕΡΟΥΔΑΚΗΣ | ||
| 970 | |a ΧΑΤΖΗΜΙΧΑΗΛ |b ΜΑΡΙΑ |z 2008/01/11 | ||